Ulice Odrzykonia, które nie są asfaltowe - Statystyki

Ogólne statystyki
  • Ten quiz został rozwiązany 20 razy
    9 od ostatniego zresetowania
  • Średni wynik to 4 z 5
Statystyki odpowiedzi
Ulica % Poprawnych
Skalickie
100%
Spokojna
100%
Podlesie
86%
Poręba
57%
Średnia
43%
Nie znaleziono quizów pasujących do podanych kryteriów
Rozkład punktacji
Procent ludzi z każdym wynikiem
Percentyl według liczby udzielonych odpowiedzi
Twoja historia wyników
Nie rozwiązałeś tego quizu od ostatniego zresetowania